[Event "CAN-op U1600"]
[Site "Windsor CAN"]
[Date "2016.07.12"]
[Round "3.49"]
[White "Gaur, Shivan"]
[Black "Leaden, Bruce"]
[Result "1/2-1/2"]
[WhiteElo "1267"]
[BlackElo "1509"]
[PlyCount "169"]
[EventDate "2016.07.10"]
[EventType "swiss"]
[EventRounds "9"]
[EventCountry "CAN"]

1. d4 e6 2. c4 f5 3. g3 Nf6 4. Bg2 d5 5. Nf3 Bd6 6. O-O O-O 7. Ne5 c6 8. Bg5
Nbd7 9. f4 Be7 10. Nd2 Nxe5 11. fxe5 Ng4 12. Bxe7 Qxe7 13. Qb3 h5 14. h3 Nh6
15. Nf3 b6 16. cxd5 cxd5 17. Qe3 f4 18. gxf4 Nf5 19. Qd2 Ng3 20. Rfe1 h4 21. e3
Ne4 22. Qd3 Rf5 23. Nd2 Ng3 24. Nf3 Bd7 25. Rac1 Be8 26. Ng5 Bg6 27. Qd2 Rff8
28. Rc6 Bf5 29. Rec1 Ne4 30. Nxe4 dxe4 31. Kh2 Rad8 32. Rc7 Rd7 33. R7c6 g5 34.
Rg1 Kh7 35. fxg5 Rg8 36. Rcc1 Rxg5 37. Qc2 Rg3 38. Qd2 Qg5 39. Rce1 Rg7 40.
Ref1 Bxh3 41. Bxe4+ Bf5 42. Bxf5+ exf5 43. Qe1 Qg4 44. Rxg3 hxg3+ 45. Kg2 Qe4+
46. Kg1 Qh4 47. Kg2 Qh2+ 48. Kf3 g2 49. Rg1 Qh3+ 50. Ke2 Qg4+ 51. Kd2 Qe4 52.
Qf2 Rc7 53. Rc1 Rg7 54. Rg1 Rg4 55. a3 Kg7 56. Qe2 Kh6 57. Qf2 Kg5 58. b4 Qd5
59. Ke1 a5 60. Ke2 Qa2+ 61. Ke1 Qb1+ 62. Ke2 Qc2+ 63. Ke1 Qc1+ 64. Ke2 Qxa3 65.
bxa5 Qb2+ 66. Ke1 Qxf2+ 67. Kxf2 bxa5 68. Ke2 Kh4 69. e6 Kh3 70. e7 Re4 71. Kf3
Rxe7 72. Rxg2 Kh4 73. Ra2 Ra7 74. Kf4 Kh5 75. Kxf5 Kh6 76. d5 Kg7 77. d6 Kf7
78. Ke5 a4 79. Ra3 Ra5+ 80. Kd4 Ke6 81. Kc4 Kxd6 82. e4 Ke6 83. Kd3 Ke7 84. Kc4
Ke6 85. Kd4 1/2-1/2

[Event "CAN-op U1600"]
[Site "Windsor CAN"]
[Date "2016.07.12"]
[Round "3.50"]
[White "Wang, Kevin"]
[Black "Thomson, Bruce"]
[Result "1/2-1/2"]
[WhiteElo "1019"]
[BlackElo "1413"]
[PlyCount "61"]
[EventDate "2016.07.10"]
[EventType "swiss"]
[EventRounds "9"]
[EventCountry "CAN"]

1. d4 Nf6 2. c4 g6 3. Nf3 d5 4. e3 Bg7 5. Nc3 O-O 6. cxd5 Nxd5 7. Bd2 b6 8. Bc4
Bb7 9. O-O e6 10. Rc1 Ba6 11. Bxa6 Nxa6 12. Qa4 Nxc3 13. Bxc3 Nb8 14. Qc4 Nd7
15. Bb4 c5 16. Bc3 Rc8 17. Qd3 Nf6 18. Rfd1 c4 19. Qe2 Qd5 20. Bb4 Rfe8 21. Ne5
b5 22. a4 a6 23. Bc5 Bf8 24. Bxf8 Rxf8 25. axb5 axb5 26. Ra1 Qb7 27. Qf3 Nd5
28. e4 Ne7 29. d5 f5 30. dxe6 fxe4 31. Qe3 1/2-1/2

[Event "CAN-op U1600"]
[Site "Windsor CAN"]
[Date "2016.07.12"]
[Round "3.51"]
[White "Thanabalachandran, Luxiga"]
[Black "Mathews, Joshua"]
[Result "0-1"]
[WhiteElo "1142"]
[BlackElo "1368"]
[PlyCount "108"]
[EventDate "2016.07.10"]
[EventType "swiss"]
[EventRounds "9"]
[EventCountry "CAN"]

1. e4 e5 2. Nf3 Nf6 3. Nc3 Bb4 4. Nxe5 O-O 5. Bc4 Bxc3 6. dxc3 Qe7 7. Nf3 Qxe4+
8. Qe2 Re8 9. Qxe4 Rxe4+ 10. Be2 b6 11. Bg5 Ba6 12. Be3 Nd5 13. Bxa6 Nxa6 14.
Ke2 Nxe3 15. fxe3 Rae8 16. Rhe1 Rxe3+ 17. Kf2 Rxe1 18. Rxe1 Rxe1 19. Kxe1 Nc5
20. b3 Ne4 21. c4 Kf8 22. Nd2 Nxd2 23. Kxd2 Ke7 24. Ke3 Ke6 25. Ke4 c5 26. a3
a5 27. c3 g5 28. g4 h6 29. b4 a4 30. h3 d6 31. bxc5 bxc5 32. Ke3 Ke5 33. Kd3 f5
34. gxf5 Kxf5 35. Ke3 g4 36. h4 h5 37. Kf2 Kf4 38. Kg2 g3 39. Kh3 g2 40. Kxg2
Kg4 41. Kg1 Kxh4 42. Kh2 Kg4 43. Kg2 h4 44. Kh2 h3 45. Kg1 Kf3 46. Kh2 Ke3 47.
Kxh3 Kd3 48. Kg2 Kxc4 49. Kf2 Kxc3 50. Ke2 Kb3 51. Kd3 c4+ 52. Kd2 c3+ 53. Kc1
c2 54. Kd2 Kb2 0-1

[Event "CAN-op U1600"]
[Site "Windsor CAN"]
[Date "2016.07.13"]
[Round "4.45"]
[White "Su, Ethan"]
[Black "Koltai, Dora"]
[Result "1/2-1/2"]
[WhiteElo "1106"]
[BlackElo "1446"]
[PlyCount "76"]
[EventDate "2016.07.10"]
[EventType "swiss"]
[EventRounds "9"]
[EventCountry "CAN"]

1. e4 e5 2. Nf3 Nf6 3. Nxe5 d6 4. Nf3 Nxe4 5. Qe2 Qe7 6. d3 Nf6 7. Nc3 Be6 8.
Be3 Nc6 9. g3 g6 10. Bg2 Bg7 11. a3 O-O 12. O-O Rfe8 13. Qd2 Qd7 14. Rfe1 Rad8
15. Bh6 Bh8 16. Ng5 Bg7 17. Bxg7 Kxg7 18. Nxe6+ Rxe6 19. Rf1 Re7 20. Rfe1 Rde8
21. Rxe7 Rxe7 22. Re1 Ne5 23. f4 Nc6 24. Rxe7 Qxe7 25. Bxc6 bxc6 26. h3 Qe6 27.
Kg2 h5 28. Qf2 Nd5 29. Ne4 Nb6 30. Qd4+ Kg8 31. Nf6+ Kf8 32. Ne4 Kg8 33. Nf6+
Kf8 34. Ne4 Kg8 35. Qc3 d5 36. Nf2 Qd6 37. Qa5 Nc8 38. Qa6 Qd7 1/2-1/2

[Event "CAN-op U1600"]
[Site "Windsor CAN"]
[Date "2016.07.13"]
[Round "4.46"]
[White "Dimou, Tom"]
[Black "Farkas, Jezzel"]
[Result "0-1"]
[WhiteElo "1458"]
[BlackElo "998"]
[PlyCount "106"]
[EventDate "2016.07.10"]
[EventType "swiss"]
[EventRounds "9"]
[EventCountry "CAN"]

1. e4 c5 2. Nf3 Nc6 3. d4 cxd4 4. Nxd4 Qb6 5. Nb3 Nf6 6. Nc3 e6 7. Be3 Qc7 8.
a3 a6 9. Be2 b5 10. f4 d6 11. O-O Be7 12. Qe1 O-O 13. Bf3 Bb7 14. Rd1 Rfe8 15.
Qg3 Rac8 16. Kh1 Na5 17. e5 Bxf3 18. exf6 Bxf6 19. Rxf3 Nc4 20. Bc1 d5 21. f5
Be5 22. Qg4 exf5 23. Qxf5 Nd6 24. Qh5 Ne4 25. Nxe4 dxe4 26. Rh3 h6 27. c3 Qc4
28. Nd2 Qc6 29. Rf1 Bf6 30. Qg4 Bg5 31. Re1 e3 32. Nb3 Re4 33. Qe2 Rce8 34. Nd4
Qf6 35. Rf3 Qe7 36. Nf5 Qe6 37. Nxe3 f5 38. g3 f4 39. gxf4 Bxf4 40. Qf2 g5 41.
Kg2 h5 42. h3 g4 43. hxg4 Bxe3 44. Rfxe3 Rxg4+ 45. Kf1 Qc4+ 46. R1e2 Rxe3 47.
Qxe3 h4 48. Qe8+ Kh7 49. Qe7+ Kg8 50. Bh6 h3 51. Ke1 Rg1+ 52. Kd2 Qd5+ 53. Kc2
Qd1# 0-1

[Event "CAN-op U1600"]
[Site "Windsor CAN"]
[Date "2016.07.13"]
[Round "4.47"]
[White "Bui, Alan"]
[Black "Mathews, Joshua"]
[Result "1-0"]
[WhiteElo "1392"]
[BlackElo "1366"]
[PlyCount "83"]
[EventDate "2016.07.10"]
[EventType "swiss"]
[EventRounds "9"]
[EventCountry "CAN"]

1. d4 Nf6 2. Nf3 e6 3. Bf4 c5 4. e3 Qb6 5. Na3 d5 6. Nb5 Na6 7. c3 c4 8. a4 Bd7
9. b3 Bxb5 10. axb5 Qxb5 11. bxc4 dxc4 12. Rb1 Qc6 13. Ne5 Qc8 14. Bxc4 Nb8 15.
Qc2 Bd6 16. Bb5+ Kf8 17. O-O Bxe5 18. Bxe5 Nd5 19. c4 f6 20. Bxb8 Rxb8 21. Qa2
Nc7 22. Qxa7 Kf7 23. Qb6 Nxb5 24. Qxb5 Qc6 25. Qb3 Rhc8 26. c5 Kg6 27. Qd3+ f5
28. Rb6 Qd5 29. Rd1 Qa2 30. g4 Rf8 31. d5 Rbe8 32. Rdb1 Kh6 33. gxf5 g6 34. e4
gxf5 35. exf5 Rg8+ 36. Kh1 Qxf2 37. Qh3+ Kg5 38. Rg1+ Kf4 39. Rf1 Rg1+ 40. Rxg1
exf5 41. Rf1 Re1 42. Qg3+ 1-0

[Event "CAN-op U1600"]
[Site "Windsor CAN"]
[Date "2016.07.13"]
[Round "4.48"]
[White "Gaur, Shivan"]
[Black "Kubik, Rob"]
[Result "0-1"]
[WhiteElo "1257"]
[BlackElo "1571"]
[PlyCount "116"]
[EventDate "2016.07.10"]
[EventType "swiss"]
[EventRounds "9"]
[EventCountry "CAN"]

1. d4 Nf6 2. c4 g6 3. g3 Bg7 4. Bg2 O-O 5. Nc3 d6 6. Nf3 Nbd7 7. O-O Re8 8. h3
e5 9. e4 exd4 10. Nxd4 Nc5 11. Re1 Rb8 12. b3 Ne6 13. Be3 Bd7 14. Rc1 a6 15. a4
h6 16. Qd2 Kh7 17. b4 Ng8 18. f4 Nxd4 19. Bxd4 Bxd4+ 20. Qxd4 Ne7 21. b5 Be6
22. Nd5 Bxd5 23. cxd5 axb5 24. axb5 Qd7 25. Bf1 c5 26. bxc6 bxc6 27. Qa4 Rec8
28. g4 Ra8 29. dxc6 Nxc6 30. Qd1 Ra2 31. Re2 Qa7+ 32. Kh1 Rxe2 33. Bxe2 Qe3 34.
Qf1 Qxe4+ 35. Qf3 d5 36. Qxe4 dxe4 37. Bb5 Ne7 38. Rxc8 Nxc8 39. Kg2 Nd6 40.
Be2 f5 41. Kf2 Kg7 42. h4 fxg4 43. Bxg4 Nf5 44. h5 Kf6 45. Ke2 gxh5 46. Bxh5
Ng3+ 47. Ke3 Nxh5 48. Kxe4 Ng7 49. Kf3 Kf5 50. Kg3 Nh5+ 51. Kh4 Nxf4 52. Kg3
Kg5 53. Kf3 h5 54. Kg3 h4+ 55. Kh2 Kg4 56. Kg1 Kg3 57. Kh1 h3 58. Kg1 Nd3 0-1

[Event "CAN-op U1600"]
[Site "Windsor CAN"]
[Date "2016.07.13"]
[Round "4.49"]
[White "Leaden, Bruce"]
[Black "Wang, Kevin"]
[Result "1/2-1/2"]
[WhiteElo "1509"]
[BlackElo "1019"]
[PlyCount "66"]
[EventDate "2016.07.10"]
[EventType "swiss"]
[EventRounds "9"]
[EventCountry "CAN"]

1. e4 c5 2. c4 Nc6 3. Nc3 g6 4. b3 Bg7 5. Bb2 Nf6 6. Rb1 d6 7. Nd5 Ne5 8. Bxe5
dxe5 9. Nxf6+ exf6 10. Ne2 f5 11. Nc3 O-O 12. d3 Qa5 13. Qc2 fxe4 14. dxe4 f5
15. Bd3 fxe4 16. Bxe4 Rb8 17. O-O Qd8 18. Bd5+ Kh8 19. Ne4 Bf5 20. Rbd1 Qe7 21.
f3 Bh6 22. Qb2 Be3+ 23. Nf2 Bd4 24. Qd2 b6 25. Kh1 Rbd8 26. a3 a5 27. Bc6 Qh4
28. Ne4 Bg1 29. g3 Rxd2 30. gxh4 Rxd1 31. Rxd1 Bd4 32. Bd5 Bxe4 33. Bxe4 Bf2
1/2-1/2

[Event "CAN-op U1600"]
[Site "Windsor CAN"]
[Date "2016.07.13"]
[Round "4.50"]
[White "Thomson, Bruce"]
[Black "Mandell, Ed"]
[Result "1-0"]
[WhiteElo "1413"]
[BlackElo "1416"]
[PlyCount "81"]
[EventDate "2016.07.10"]
[EventType "swiss"]
[EventRounds "9"]
[EventCountry "CAN"]

1. d4 d5 2. c4 c6 3. Nf3 Nf6 4. Nc3 e6 5. e3 Bb4 6. Qa4 Qa5 7. Qxa5 Bxa5 8. Bd2
O-O 9. cxd5 Bxc3 10. Bxc3 Nxd5 11. Bd3 Nd7 12. O-O c5 13. Rfc1 Nxc3 14. Rxc3
cxd4 15. Nxd4 Ne5 16. Be2 Bd7 17. Rac1 Rac8 18. h3 Rxc3 19. Rxc3 Rc8 20. Rxc8+
Bxc8 21. Nb5 a6 22. Nd6 Bd7 23. Nxb7 Bb5 24. Kf1 Nc4 25. b3 Nd2+ 26. Ke1 Nb1
27. a4 Bxe2 28. Kxe2 Nc3+ 29. Kd3 Nd5 30. Nc5 Nc7 31. Kc4 Kf8 32. b4 Ke7 33. b5
axb5+ 34. axb5 Nd5 35. Ne4 h6 36. Kc5 Kd7 37. b6 Kc8 38. Kb5 Kb8 39. Nc5 Ne7
40. b7 Nf5 41. Kb6 1-0

[Event "CAN-op U1600"]
[Site "Windsor CAN"]
[Date "2016.07.14"]
[Round "5.44"]
[White "Young, John"]
[Black "Bui, Alan"]
[Result "1-0"]
[WhiteElo "1469"]
[BlackElo "1392"]
[PlyCount "113"]
[EventDate "2016.07.10"]
[EventType "swiss"]
[EventRounds "9"]
[EventCountry "CAN"]

1. e4 e5 2. Nf3 Nc6 3. d4 exd4 4. c3 dxc3 5. Nxc3 Bb4 6. Bc4 Nf6 7. e5 Ne4 8.
Qd5 O-O 9. Qxe4 d6 10. O-O Re8 11. Bg5 Qd7 12. Rad1 Kh8 13. Bd3 f5 14. e6 Qxe6
15. Qxe6 Bxe6 16. Nb5 Rac8 17. a3 Ba5 18. b4 Bb6 19. Rfe1 a6 20. Rxe6 Rxe6 21.
Bxf5 Rce8 22. Bxe6 Rxe6 23. Nc3 Nd4 24. Nxd4 Bxd4 25. Bd2 Rf6 26. Ne4 Re6 27.
Ng5 Re2 28. Nh3 Kg8 29. Kf1 Re8 30. Re1 Rxe1+ 31. Kxe1 Bb2 32. a4 Kf8 33. Ng5
Ke7 34. Nxh7 c5 35. bxc5 dxc5 36. Ke2 c4 37. Bb4+ Kd7 38. Kd2 Be5 39. Bc3 Bf4+
40. Ke2 Kc6 41. Bxg7 b5 42. axb5+ Kxb5 43. g3 Bd6 44. Ng5 Kb4 45. Ne4 Be7 46.
Bc3+ Kb3 47. h4 Bf8 48. g4 Ka4 49. g5 a5 50. h5 Kb5 51. h6 a4 52. h7 a3 53.
h8=Q a2 54. Qxf8 a1=Q 55. Bxa1 Ka4 56. Qb8 c3 57. Nxc3+ 1-0

[Event "CAN-op U1600"]
[Site "Windsor CAN"]
[Date "2016.07.14"]
[Round "5.45"]
[White "Koltai, Dora"]
[Black "Belanger, Robin"]
[Result "1-0"]
[WhiteElo "1446"]
[BlackElo "1452"]
[PlyCount "121"]
[EventDate "2016.07.10"]
[EventType "swiss"]
[EventRounds "9"]
[EventCountry "CAN"]

1. e4 c5 2. c3 Nc6 3. d4 cxd4 4. cxd4 e6 5. Nf3 Nf6 6. Nc3 Bb4 7. Bd3 d5 8.
exd5 Nxd5 9. Qc2 Nxc3 10. bxc3 Nxd4 11. Nxd4 Qxd4 12. Bb2 Qe5+ 13. Be2 Ba5 14.
O-O Bd7 15. c4 Qg5 16. Bf3 O-O 17. Bxb7 Rab8 18. Be4 f5 19. Bf3 Rfc8 20. Bc1
Qf6 21. Ba3 Bb5 22. Be2 Bc6 23. Qd3 Be4 24. Qe3 Bc3 25. Rad1 Rd8 26. Bd6 Rb2
27. a3 e5 28. Qxc3 Rxe2 29. Bxe5 Qg5 30. Rxd8+ Qxd8 31. c5 Rc2 32. Qb3+ Qd5 33.
Qb8+ Kf7 34. Qxa7+ Ke6 35. Qxg7 Qxe5 36. Qxh7 Rxc5 37. Rd1 Rd5 38. Qg6+ Qf6 39.
Qxf6+ Kxf6 40. Rxd5 Bxd5 41. f3 Kg5 42. a4 Kf4 43. Kf2 Bc4 44. g3+ Kg5 45. h4+
Kh5 46. Ke3 Bd5 47. Kf4 Kg6 48. a5 Bc4 49. h5+ Kxh5 50. Kxf5 Be2 51. g4+ Kh6
52. g5+ Kg7 53. f4 Bd3+ 54. Ke6 Kg6 55. Ke5 Ba6 56. f5+ Kxg5 57. f6 Bc4 58. a6
Bxa6 59. f7 Bd3 60. f8=Q Kg4 61. Qf4+ 1-0

[Event "CAN-op U1600"]
[Site "Windsor CAN"]
[Date "2016.07.14"]
[Round "5.46"]
[White "Farkas, Jezzel"]
[Black "Su, Ethan"]
[Result "1-0"]
[WhiteElo "998"]
[BlackElo "1106"]
[PlyCount "127"]
[EventDate "2016.07.10"]
[EventType "swiss"]
[EventRounds "9"]
[EventCountry "CAN"]

1. d4 Nf6 2. Bf4 g6 3. Nf3 Bg7 4. e3 O-O 5. Bd3 d6 6. O-O Nc6 7. a3 Re8 8. Bg3
e5 9. dxe5 dxe5 10. e4 Bg4 11. Nbd2 Nh5 12. Bh4 Bxf3 13. Nxf3 Qd6 14. Bg3 Nxg3
15. hxg3 Ne7 16. Bb5 Red8 17. Qxd6 Rxd6 18. Bd3 Rad8 19. Rfe1 Nc6 20. Rab1 Bh6
21. Kf1 f6 22. Nh4 Nb8 23. Ke2 Nd7 24. b4 Nb6 25. Rb3 Rd4 26. Nf3 R4d6 27. Rh1
Kg7 28. c4 Na4 29. c5 R6d7 30. Bb5 Nxc5 31. bxc5 c6 32. Bc4 g5 33. g4 Re8 34.
Rd3 Rxd3 35. Bxd3 Kg6 36. Rb1 Rb8 37. a4 Bf8 38. Rc1 b6 39. cxb6 Rxb6 40. Rb1
Bb4 41. Nd2 c5 42. Nc4 Rc6 43. g3 a5 44. Rf1 h5 45. gxh5+ Kxh5 46. f4 exf4 47.
gxf4 gxf4 48. Rxf4 Kg5 49. Rf5+ Kg6 50. e5 Kg7 51. exf6+ Rxf6 52. Rxf6 Kxf6 53.
Ke3 Kg5 54. Ke4 Kg4 55. Kd5 Kf4 56. Kc6 Kf3 57. Kb5 Kf4 58. Nxa5 Ke3 59. Bc4
Kd4 60. Nc6+ Kc3 61. Nxb4 cxb4 62. a5 Kd4 63. a6 Ke5 64. a7 1-0

[Event "CAN-op U1600"]
[Site "Windsor CAN"]
[Date "2016.07.14"]
[Round "5.47"]
[White "Kubik, Rob"]
[Black "Dimou, Tom"]
[Result "0-1"]
[WhiteElo "1571"]
[BlackElo "1458"]
[PlyCount "72"]
[EventDate "2016.07.10"]
[EventType "swiss"]
[EventRounds "9"]
[EventCountry "CAN"]

1. d4 d5 2. Nf3 Nf6 3. Bf4 Bg4 4. Nbd2 Nbd7 5. e3 e6 6. h3 Bh5 7. a3 c5 8. c4
cxd4 9. exd4 dxc4 10. Bxc4 Be7 11. O-O O-O 12. Bd3 Nb6 13. g4 Bg6 14. Bxg6 fxg6
15. Be5 Qd5 16. Rc1 Rac8 17. Qe2 Nfd7 18. Rfe1 Rxc1 19. Rxc1 Nxe5 20. Qxe5 Qxe5
21. dxe5 Nd5 22. h4 h6 23. Kf1 a5 24. a4 Bb4 25. Rc2 Kf7 26. Nd4 Ke7 27. Ne4
Ne3+ 28. Ke2 Nxc2 29. Nxc2 Rf4 30. f3 Rf8 31. Ke3 Rd8 32. Nxb4 axb4 33. b3 Rd5
34. f4 b6 35. Nd2 g5 36. hxg5 hxg5 0-1

[Event "CAN-op U1600"]
[Site "Windsor CAN"]
[Date "2016.07.14"]
[Round "5.48"]
[White "Mathews, Joshua"]
[Black "Thomson, Bruce"]
[Result "1-0"]
[WhiteElo "1366"]
[BlackElo "1413"]
[PlyCount "55"]
[EventDate "2016.07.10"]
[EventType "swiss"]
[EventRounds "9"]
[EventCountry "CAN"]

1. e4 e6 2. Nf3 d5 3. e5 c5 4. b4 a6 5. bxc5 Bxc5 6. d4 Ba7 7. Bd3 Ne7 8. O-O
Nbc6 9. c3 Bd7 10. Re1 Qc7 11. Ba3 Ng6 12. Qd2 Nce7 13. Nh4 O-O-O 14. Nxg6 Nxg6
15. Bd6 Qc6 16. g3 Bb8 17. Bc5 Bc7 18. f4 b5 19. Qb2 Rde8 20. Nd2 Bb6 21. Bxb6
Qxb6 22. a4 Kc7 23. Reb1 Rb8 24. axb5 Bxb5 25. Bxb5 axb5 26. Qb4 Rhe8 27. Ra5
Ne7 28. Rxb5 1-0

[Event "CAN-op U1600"]
[Site "Windsor CAN"]
[Date "2016.07.14"]
[Round "5.49"]
[White "Mandell, Ed"]
[Black "Leaden, Bruce"]
[Result "0-1"]
[WhiteElo "1416"]
[BlackElo "1509"]
[PlyCount "36"]
[EventDate "2016.07.10"]
[EventType "swiss"]
[EventRounds "9"]
[EventCountry "CAN"]

1. d4 e6 2. Nf3 d5 3. e3 f5 4. Nbd2 Nf6 5. c3 Bd6 6. b3 O-O 7. Bb2 Nbd7 8. a3
b6 9. c4 Bb7 10. Ng5 Qe7 11. Ngf3 e5 12. dxe5 Nxe5 13. Nd4 f4 14. Nf5 Qe6 15.
Nxd6 cxd6 16. Qe2 fxe3 17. Qxe3 Nfg4 18. Qh3 Nd3+ 0-1

[Event "CAN-op U1600"]
[Site "Windsor CAN"]
[Date "2016.07.14"]
[Round "5.50"]
[White "Wang, Kevin"]
[Black "Kocela, Manuel"]
[Result "1-0"]
[WhiteElo "1019"]
[BlackElo "1389"]
[PlyCount "139"]
[EventDate "2016.07.10"]
[EventType "swiss"]
[EventRounds "9"]
[EventCountry "CAN"]

1. d4 d5 2. c4 Nf6 3. Nf3 Bf5 4. Nc3 e6 5. e3 Bb4 6. cxd5 Nxd5 7. Bd2 Bxc3 8.
bxc3 Nd7 9. Qe2 N7f6 10. g3 Bg4 11. Bg2 O-O 12. O-O Nb6 13. Qb5 c6 14. Qb3 Qd5
15. Qxd5 exd5 16. Ne5 Be2 17. Rfe1 Bc4 18. Nxc4 Nxc4 19. Rad1 a5 20. f3 Rfe8
21. e4 h6 22. e5 Nd7 23. Bf1 b5 24. f4 Ndb6 25. Bxc4 Nxc4 26. f5 Kh7 27. e6 f6
28. e7 Ra7 29. Re6 Rc7 30. Bf4 Rcc8 31. Rde1 Kg8 32. Bd6 Kf7 33. Bc5 Nd2 34.
Kg2 Ne4 35. Re3 a4 36. h4 h5 37. Bb4 g6 38. Rd6 gxf5 39. Rd7 Ke6 40. Ra7 Kf7
41. Kf3 Nd2+ 42. Kf4 Ne4 43. Kxf5 c5 44. dxc5 Rc6 45. Rd7 Nxc5 46. Rxd5 Ne6 47.
Rxb5 Ng7+ 48. Kf4 Ne6+ 49. Kf3 Nc7 50. Rc5 Rxc5 51. Bxc5 Nd5 52. Rd3 Nxe7 53.
Rd7 Ke6 54. Rxe7+ Rxe7 55. Bxe7 Kxe7 56. Ke4 Ke6 57. c4 Kd6 58. g4 hxg4 59. Kf4
Kc5 60. h5 Kxc4 61. h6 Kb4 62. h7 Ka3 63. h8=Q Kxa2 64. Qxf6 a3 65. Qe6+ Kb2
66. Qe5+ Kb1 67. Qe1+ Kb2 68. Qd2+ Kb1 69. Qb4+ Ka2 70. Kxg4 1-0

[Event "CAN-op U1600"]
[Site "Windsor CAN"]
[Date "2016.07.14"]
[Round "5.51"]
[White "Thanabalachandran, Luxiga"]
[Black "Gaur, Shivan"]
[Result "1/2-1/2"]
[WhiteElo "1142"]
[BlackElo "1267"]
[PlyCount "97"]
[EventDate "2016.07.10"]
[EventType "swiss"]
[EventRounds "9"]
[EventCountry "CAN"]

1. e4 c5 2. Nf3 g6 3. d4 cxd4 4. Nxd4 Nc6 5. Nc3 Bg7 6. Nf3 Nf6 7. Bf4 O-O 8.
Qd2 Re8 9. Bc4 d6 10. O-O Bg4 11. e5 dxe5 12. Qxd8 Rexd8 13. Nxe5 Nxe5 14. Bxe5
Rac8 15. Bb3 Nh5 16. Bxg7 Kxg7 17. Rfe1 Kf8 18. f3 Bd7 19. Rad1 Bc6 20. Rxd8+
Rxd8 21. Rd1 Rxd1+ 22. Nxd1 e5 23. Ne3 a5 24. Bd5 Bxd5 25. Nxd5 f5 26. Kf2 Kf7
27. Ke3 Ke6 28. Nc3 Kd6 29. g3 Nf6 30. a3 Kc5 31. Kd3 b5 32. a4 b4 33. Ne2 Kd5
34. b3 e4+ 35. fxe4+ fxe4+ 36. Kd2 g5 37. c3 Kc5 38. cxb4+ Kxb4 39. Kc2 h6 40.
Nd4 Kc5 41. Nf5 h5 42. Ne3 Kb4 43. h3 Nd7 44. Nc4 Nf6 45. Nd2 Kc5 46. Kc3 Nd5+
47. Kb2 Nf6 48. Kc3 Nd5+ 49. Kb2 1/2-1/2

[Event "CAN-op U1600"]
[Site "Windsor CAN"]
[Date "2016.07.15"]
[Round "6.37"]
[White "Bui, Alan"]
[Black "Leaden, Bruce"]
[Result "1-0"]
[WhiteElo "1392"]
[BlackElo "1509"]
[PlyCount "53"]
[EventDate "2016.07.10"]
[EventType "swiss"]
[EventRounds "9"]
[EventCountry "CAN"]

1. d4 e6 2. Nf3 d5 3. Bf4 Bd6 4. Bg3 f5 5. e3 Nf6 6. Be2 O-O 7. O-O Bxg3 8.
hxg3 Nbd7 9. c4 c6 10. Nc3 Ne4 11. Qc2 Qe7 12. c5 e5 13. Rfe1 Nxc3 14. Qxc3 e4
15. Nd2 Nf6 16. b4 a6 17. a4 Qc7 18. Rab1 h5 19. b5 Bd7 20. bxa6 bxa6 21. Rb6
Rfb8 22. Reb1 Rxb6 23. cxb6 Qb7 24. a5 g6 25. Nb3 Be8 26. Nc5 Qe7 27. b7 1-0

[Event "CAN-op U1600"]
[Site "Windsor CAN"]
[Date "2016.07.15"]
[Round "6.44"]
[White "Dimou, Tom"]
[Black "Young, John"]
[Result "0-1"]
[WhiteElo "1458"]
[BlackElo "1469"]
[PlyCount "66"]
[EventDate "2016.07.10"]
[EventType "swiss"]
[EventRounds "9"]
[EventCountry "CAN"]

1. e4 d6 2. d4 Nf6 3. Nc3 e5 4. dxe5 dxe5 5. Qxd8+ Kxd8 6. Bg5 Be6 7. O-O-O+
Nbd7 8. Nf3 Kc8 9. Kb1 c6 10. a3 Kc7 11. Bxf6 gxf6 12. h3 b5 13. Nd2 a5 14. a4
Bb4 15. Na2 bxa4 16. Bc4 Bc5 17. Rhf1 Rhg8 18. g4 h5 19. Bxe6 fxe6 20. f3 hxg4
21. hxg4 Rab8 22. Nc4 a3 23. c3 axb2 24. Rd2 a4 25. Rxb2 Rxb2+ 26. Kxb2 Rh8 27.
Nb4 Rh2+ 28. Ka3 Rc2 29. Kxa4 Rxc3 30. Na6+ Kc8 31. Nxc5 Rxc4+ 32. Kb3 Rxc5 33.
Rh1 Kc7 0-1

[Event "CAN-op U1600"]
[Site "Windsor CAN"]
[Date "2016.07.15"]
[Round "6.45"]
[White "Farkas, Jezzel"]
[Black "Koltai, Dora"]
[Result "0-1"]
[WhiteElo "998"]
[BlackElo "1446"]
[PlyCount "118"]
[EventDate "2016.07.10"]
[EventType "swiss"]
[EventRounds "9"]
[EventCountry "CAN"]

1. d4 d5 2. c4 c6 3. cxd5 cxd5 4. Nc3 Nf6 5. Nf3 Nc6 6. Bf4 a6 7. e3 Bf5 8. Bd3
Bxd3 9. Qxd3 e6 10. Ne5 Nxe5 11. Bxe5 Bb4 12. O-O O-O 13. Rac1 Ng4 14. Bf4 Bd6
15. Bg3 Bxg3 16. hxg3 Qg5 17. f3 Qxe3+ 18. Qxe3 Nxe3 19. Rfe1 Nf5 20. Ne2 Rfc8
21. g4 Ne7 22. Kf2 Nc6 23. a3 Na5 24. Nc3 Nc4 25. Re2 Rc6 26. Rb1 Nxa3 27. bxa3
Rxc3 28. Rxb7 Rxa3 29. Reb2 g6 30. Rc7 Rd3 31. Rbb7 Rf8 32. Rb4 Rd2+ 33. Kg3
Ra2 34. Ra7 Ra1 35. Kf4 a5 36. Rb5 Ra4 37. Ke5 Ra2 38. g3 Ra3 39. Kf4 h6 40.
Rbxa5 g5+ 41. Ke5 Rxf3 42. Ra3 Rxa3 43. Rxa3 Kg7 44. Rf3 Rc8 45. Rd3 Rc1 46.
Kd6 Kf8 47. Kd7 Rc4 48. Kd6 Ra4 49. Kc5 Ke7 50. Rc3 Kd7 51. Rd3 Rc4+ 52. Kb5
Ke7 53. Kb6 f5 54. gxf5 exf5 55. Re3+ Kf6 56. Rd3 h5 57. Kb5 f4 58. gxf4 gxf4
59. Rd1 Kg5 0-1

[Event "CAN-op U1600"]
[Site "Windsor CAN"]
[Date "2016.07.15"]
[Round "6.46"]
[White "Belanger, Robin"]
[Black "Su, Ethan"]
[Result "1-0"]
[WhiteElo "1452"]
[BlackElo "1105"]
[PlyCount "55"]
[EventDate "2016.07.10"]
[EventType "swiss"]
[EventRounds "9"]
[EventCountry "CAN"]

1. d4 Nf6 2. Nc3 g6 3. e4 Bg7 4. f4 d6 5. Nf3 O-O 6. h3 Re8 7. Be3 e5 8. fxe5
dxe5 9. Nxe5 Nxe4 10. Nxe4 Qh4+ 11. Nf2 f6 12. Bc4+ Kf8 13. O-O fxe5 14. Ng4+
Bf5 15. dxe5 Bxe5 16. Qd5 Ke7 17. Qxe5+ Kd8 18. Rad1+ Nd7 19. Rxd7+ Bxd7 20.
Bg5+ Kc8 21. Qxe8+ Bxe8 22. Bxh4 c6 23. Rf8 Kd7 24. Nf6+ Ke7 25. Rxe8+ Rxe8 26.
Nxe8+ Kxe8 27. Be6 Kf8 28. Bf6 1-0

[Event "CAN-op U1600"]
[Site "Windsor CAN"]
[Date "2016.07.15"]
[Round "6.48"]
[White "Mathews, Joshua"]
[Black "Kubik, Rob"]
[Result "1-0"]
[WhiteElo "1366"]
[BlackElo "1571"]
[PlyCount "65"]
[EventDate "2016.07.10"]
[EventType "swiss"]
[EventRounds "9"]
[EventCountry "CAN"]

1. e4 e6 2. Nf3 d5 3. e5 c5 4. b4 c4 5. c3 a6 6. d3 cxd3 7. Bxd3 Be7 8. O-O Nd7
9. a3 b5 10. a4 bxa4 11. Qxa4 Bb7 12. Be3 Nh6 13. Bxh6 gxh6 14. Qc2 Rg8 15.
Bxh7 Rg7 16. Re1 Rc8 17. Nd4 Bxb4 18. Qb3 Qb6 19. Qxb4 Qxb4 20. cxb4 Rxh7 21.
Nd2 Ke7 22. Rac1 Rhh8 23. f4 Nb8 24. N2b3 Bc6 25. Na5 Bb5 26. Nxb5 axb5 27. g3
Na6 28. Nc6+ Kd7 29. Na7 Rxc1 30. Rxc1 Nxb4 31. Nxb5 Rc8 32. Rxc8 Kxc8 33. Nd6+
1-0

[Event "CAN-op U1600"]
[Site "Windsor CAN"]
[Date "2016.07.15"]
[Round "6.49"]
[White "Gaur, Shivan"]
[Black "Wang, Kevin"]
[Result "1-0"]
[WhiteElo "1267"]
[BlackElo "1019"]
[PlyCount "135"]
[EventDate "2016.07.10"]
[EventType "swiss"]
[EventRounds "9"]
[EventCountry "CAN"]

1. d4 f5 2. Nf3 Nf6 3. g3 e6 4. Bg2 Be7 5. O-O O-O 6. c4 d6 7. b3 Ne4 8. Bb2
Bf6 9. Nbd2 Nxd2 10. Qxd2 Qe8 11. Rfd1 a5 12. a3 e5 13. dxe5 dxe5 14. Qd5+ Kh8
15. Bxe5 Bxe5 16. Qxe5 Qxe5 17. Nxe5 Re8 18. e3 c6 19. Nf7+ Kg8 20. Nd6 Rf8 21.
Nxc8 Rxc8 22. Bh3 g6 23. Rd2 Na6 24. Rad1 Rab8 25. Rb1 b5 26. cxb5 Rxb5 27. Bf1
Rb6 28. Rc1 Nc7 29. Rc5 a4 30. b4 Ne6 31. Bc4 Kf7 32. Ra5 Ke7 33. Bxe6 Kxe6 34.
Rd1 Rbb8 35. Rxa4 Ra8 36. Rxa8 Rxa8 37. Ra1 Kd5 38. h4 Kc4 39. Rc1+ Kd5 40.
Rc5+ Kd6 41. Rc3 Kd7 42. Kg2 h5 43. Kf3 Kc7 44. Kf4 Kb6 45. Kg5 Rg8 46. Kf6 Rd8
47. Rc2 Rd6+ 48. Kg5 Kb5 49. Rc3 Kb6 50. f3 Re6 51. g4 fxg4 52. fxg4 Re5+ 53.
Kf4 Rb5 54. e4 hxg4 55. Kxg4 Rh5 56. Re3 Re5 57. Kf4 Rh5 58. e5 Rf5+ 59. Kg4
Kc7 60. a4 Kd7 61. a5 Ke6 62. a6 Rf7 63. Kg5 Ra7 64. Kxg6 Rxa6 65. h5 Ra8 66.
h6 Rg8+ 67. Kh5 Rh8 68. Rc3 1-0